000 00994njm a22002417a 4500
005 20100906155910.0
007 sd ammalaaahaa
008 100906t xxu||||| |||| 00| 0 hin d
028 _aN.53210
_bHis Master's Voice
035 _aGR-692
040 _aSED/VEN
100 _aMangeshkar, Lata
_91184
245 _aDil apna aur preet parai :
_bHindustani /
_cby Lata Mangeshkar ; music by Shankar Jaikishan ; lyric by Shailendra
_h[sound recording] :
246 _aदिल अपना और प्रीत पराई (लता मंगेशकर )
260 _aDum Dum India
_bHis Master's Voice
300 _a1 sound disc [Gramophone Record] :
_banalog, 33 1/3 rpm.
_c10 in.
_fGramophone Record
500 _aBrief Record
505 _aDil apna aur - dil apna aur preet parai part 1 (Dil Apna aur preet parai) (Lata Mangeshkar)
650 _aClassical Music
_xExcerpts
_zIndia
_918647
700 _aShankar Jaikishan
_918648
700 _aShailendra
_918649
942 _2ddc
_cBN
999 _c44094
_d44094